000 01374nam a2200385 i 4500
001 11489
003 KOSZ 005
005 20240405063007.0
008 071202s1968 pl a f 000 0 pol
015 _aPB 1969/430
040 _aWA N
_cWA N
_dKOSZ 005/RW
_dKOSZ 005/HR
046 _k1968
080 _a331.2-057(438)
080 _a62(438)
080 _a66/69(438)
100 1 _aPasieczny, Leszek
_d(1930-2014)
_eAutor
245 1 0 _aInżynier w przemyśle :
_bstudium polityki zatrudnienia i płac /
_cLeszek Pasieczny.
260 _aWarszawa :
_bPaństwowe Wydawnictwo Ekonomiczne,
_c1968.
300 _a400 stron :
_bilustracje ;
_c18 cm.
336 _aTekst
_btxt
_2rdacontent
337 _aBez urządzenia pośredniczącego
_bn
_2rdamedia
338 _aWolumin
_bnc
_2rdacarrier
380 _aKsiążki.
388 _a1901-
504 _aBibliografia na stronach [386]-393.
650 4 _aInżynierowie
_xpłace
_zPolska
_y1956-1989 r.
650 4 _aInżynierowie
_xpraca
_zPolska
_y1956-1989 r.
658 _aGospodarka, ekonomia, finanse
658 _aInżynieria i technika
648 4 _a1901-2000
648 4 _a1945-1989
710 2 _aPaństwowe Wydawnictwo Ekonomiczne
_4pbl.
856 _uhttp://koha.tu.koszalin.pl/cgi-bin/koha/opac-detail.pl?biblionumber=11489
_yKatalog online BPK
942 _2UKD
_cKS
999 _c11489
_d11489